000 01247nam a22002417a 4500
999 _c61936
_d61936
003 Ge_BSU
005 20240612162035.0
008 240612s1955 ge ||||| |||| 00| 0 geo d
041 _ageo
080 _a61(479.22)(063) ე-91
245 _aექსპერიმენტული და კლინიკური ქირურგიის ინსტიტუტი :
_b შრომები. ტ. 5 /
_cსაქართველოს სსრ მეცნიერებათა აკადემია.
264 _a თბილისი :
_bსაქ. სსრ მეცნ. აკად. გამ-ბა,
_c1955.
300 _a272 გვ.
_b25 სმ.
500 _aპარალ. სათ. რუს. ენაზე
653 _a მედიცინა
653 _aქირურგია
653 _aექსპერიმენტული ქირურგია
653 _aშრომები
653 _aჰემატოლოგია
700 _aერისთავი, კ.
_eრედაქტორი
_922269
710 _a საქართველოს სსრ მეცნიერებათა აკადემია.
_922408
942 _2udc
_cᲬᲘᲒᲜᲘ